|
|
|
|
| LEADER |
00000naa2a2200000 4500 |
| 001 |
243585 |
| 005 |
20251218160257.0 |
| 035 |
|
|
|a (RuTPU)RU\TPU\book\264935
|
| 035 |
|
|
|a RU\TPU\book\264910
|
| 090 |
|
|
|a 243585
|
| 100 |
|
|
|a 20131002d2013 k y0rusy50 ca
|
| 101 |
0 |
|
|a rus
|
| 102 |
|
|
|a RU
|
| 135 |
|
|
|a drnn ---uucaa
|
| 181 |
|
0 |
|a i
|
| 182 |
|
0 |
|a b
|
| 200 |
1 |
|
|a Основные задачи технологии структурного моделирования распределенных СРВ
|f Ан. В. Погребной
|g науч. рук. В. К. Погребной
|
| 203 |
|
|
|a Текст
|c электронный
|
| 225 |
1 |
|
|a Информатика и управление в технических системах
|
| 300 |
|
|
|a Заглавие с титульного экрана
|
| 320 |
|
|
|a [Библиогр.: с. 324 (3 назв.)]
|
| 337 |
|
|
|a Adobe Reader
|
| 461 |
|
1 |
|0 (RuTPU)RU\TPU\book\263794
|t Современные техника и технологии
|o сборник трудов XIX международной научно-практической конференции студентов, аспирантов и молодых ученых, Томск, 15-19 апреля 2013 г.
|o в 3 т.
|f Национальный исследовательский Томский политехнический университет (ТПУ)
|d 2013
|
| 463 |
|
1 |
|0 (RuTPU)RU\TPU\book\263797
|t Т. 2
|v [С. 323-324]
|d 2013
|
| 610 |
1 |
|
|a труды учёных ТПУ
|
| 610 |
1 |
|
|a электронный ресурс
|
| 610 |
1 |
|
|a технологии
|
| 610 |
1 |
|
|a структурное моделирование
|
| 610 |
1 |
|
|a системы реального времени
|
| 700 |
|
1 |
|a Погребной
|b Ан. В.
|
| 702 |
|
1 |
|a Погребной
|b В. К.
|c специалист в области информатики и вычислительной техники
|c профессор Томского политехнического университета, доктор технических наук
|f 1942-
|g Владимир Кириллович
|3 (RuTPU)RU\TPU\pers\19853
|4 727
|
| 712 |
0 |
2 |
|a Национальный исследовательский Томский политехнический университет (ТПУ)
|b Институт кибернетики (ИК)
|b Кафедра информатики и проектирования систем (ИПС)
|3 (RuTPU)RU\TPU\col\18697
|
| 801 |
|
2 |
|a RU
|b 63413507
|c 20131002
|g RCR
|
| 856 |
4 |
|
|u http://www.lib.tpu.ru/fulltext/c/2013/C01/V2/158.pdf
|
| 942 |
|
|
|c CF
|